Sports Quiz

Random Sports or WWE Quiz
Score 0/50 Timer 10:00
0 Plays Today
% Correct
Kharma
93%
Daniel Bryan
91.1%
Zack Ryder
90.4%
The Rock
89.1%
Primo & Epico
87.4%
Chris Jericho
87.1%
Brodus Clay
86.4%
Sheamus
86.4%
Edge
86.1%
Brock Lesnar
85.4%
Jerry Lawler
85.1%
The Shield
85.1%
John Laurinaitis
84.8%
Chief Jay Strongbow
83.4%
Santino Marella
83.4%
CM Punk
83.4%
Evan Bourne
83.1%
Antonio Cesaro
83.1%
Triple H
82.5%
Teddy Long
82.5%
Vickie Guerrero
82.1%
Damien Sandow
81.5%
Seth Rollins
81.5%
Big E Langston
81.1%
Hornswoggle
81.1%
% Correct
Team Hell No
80.8%
Ric Flair
80.1%
AJ Lee
80.1%
Sin Cara
80.1%
Christian
78.1%
Lord Tensai
77.5%
Dolph Ziggler
76.8%
Ryback
76.8%
Ricardo Rodriguez
76.5%
Kane
76.5%
The Miz
74.8%
Abraham Washington
74.5%
Big Show
73.5%
Team Rhodes Scholars
71.2%
Kofi Kingston & R-Truth
70.9%
Cody Rhodes
66.6%
Alberto Del Rio
66.6%
Layla
65.2%
Eve Torres
64.9%
The Prime Time Players
64.6%
Naomi
62.9%
The Bella Twins
61.3%
Wade Barrett
60.9%
Kofi Kingston
57.3%
Kaitlyn
51.3%
Remove Ads.
Support Sporcle.
Get the best of Sporcle when you Go Orange. This ad-free experience offers more features, more stats, and more fun while also helping to support Sporcle. Thank you for becoming a member.

You're not logged in!

Compare scores with friends on all Sporcle quizzes.
OR
Log In

Show Comments

Extras

Top Quizzes Today


Score Distribution

Your Account Isn't Verified!

In order to create a playlist on Sporcle, you need to verify the email address you used during registration. Go to your Sporcle Settings to finish the process.

Report this User

Report this user for behavior that violates our Community Guidelines.

Details: